000 00870nam0a22002651 4500
001 v19\rc\1643164
005 20250619000723.0
035 _a(NLR Aleph) 004756023
090 _a4560011
_c4560011
100 _a20061002d1886 |||y0rusy50 ca
101 0 _arus
102 _aRU
105 _ay j |||||
200 1 _aПрактическая русская грамматика
_eУчеб. для начал. нар. уч-щ и церк.-приход. шк.
_fСост. А.П. Карюков
210 _aСанкт-Петербург
_cтип. Ю. Штауфа (И. Фишона)
_d1886
215 _a123 с.
_d18
700 1 _aКарюков
_bА.П.
_4220
801 0 _aRU
_bNLR
_gpsbo
801 0 _aRU
_bRuMoRGB
_2psbo
801 1 _aRU
_bProSoft-M
_2rusmarc
852 _aNLR
_j18.218.5.352
899 _aRuMoRGB
_jG 83/149
899 _aБАН
942 _cBOOK
980 _aNB